LEADER 01157nam a2200241 u 4500 001 000000018677 003 CaOOAMICUS 005 20070226110712.0 008 950113m18881897it u000 u ita u 035 $a10443534 040 $aPUL(R)$bita 100 1 $aManfrin, Pietro,$cconte,$d1827-1909.$0(OLS)http://pul/name/16568 245 14$aGli Ebrei sotto la dominazione romana /$cP. Manfrin. 260 $aRoma :$bFratelli Bocca,$c1888-97. 300 $a4 v. ;$c22 cm 650 4$aEbrei.$0(OLS)http://pul/subject/5307 850 $aPUL 852 $aPUL$W1$xDP1 Fondo Cecchetti$y53$m264 C 9-11$j26297$nBK-PRI$b $qFondi$B26297$CPULBib$Z2$F26297 $HPUL781-783 $81 852 $aPUL$W1$xDP1 Fondo Cecchetti$y53$m264 C 9-11$j26297$nBK-PRI$b $qFondi$B26298$CPULBib$Z2$F26298 $HPUL781-783 $81 852 $aPUL$W1$xDP1 Fondo Cecchetti$y53$m264 C 9-11$j26297$nBK-PRI$b $qFondi$B26299$CPULBib$Z2$F26299 $HPUL781-783 $81 941 1 $a1 996 $6245$aGli Ebrei sotto la dominazione romana$9(OLS)http://pul/title/26563 996 $6260$aRoma :$bFratelli Bocca$9(OLS)http://pul/publisher/50941 LEADER 01454nam a2200301 u 4500 001 000000074043 003 CaOOAMICUS 005 20150622160555.0 008 021129s1991 it u000 u ita u 020 $a8801101597 035 $a10946462 040 $aPUL$bita 245 00$aAdulti e catechesi nella comunità :$borientamenti per la catechesi degli adulti : contributo di studio in preparazione al Convegno Nazionale 1992. 260 $aLeumann :$bElle Di Ci,$cc1991. 300 $av. <2 >$c19 cm 500 $aIn testa al front.: Ufficio Catechistico Nazionale. 650 4$aCatechesi.$0(OLS)http://pul/subject/4492 710 1 $aUfficio Catechistico Nazionale.$0(OLS)http://pul/name/49011 850 $aPUL 852 $aPUL$W1$xSL Religione 2$y84$mRH E3 80$j95594$nBK-PRI$b $qStampati altre collocazioni$B95594$CPULBib$Z2$F95594 $H $81 852 $aPUL$W1$xDP1 Fondo S. Lanza$y121$m3 C 2$j13621$qFondi$B166920$CPULBib$Z2$F166920 $HLAN2299 $82 941 1 $a10 941 1 $a1 961 $aINV: 69200 961 $aNota ms. di possesso: Sergio Lanza 996 $6020$a8801101597$9(OLS)http://pul/number/95739 996 $6245$aAdulti e catechesi nella comunità :$borientamenti per la catechesi degli adulti : contributo di studio in preparazione al Convegno Nazionale 1992$9(OLS)http://pul/title/97307 996 $6260$aLeumann :$bElle Di Ci$9(OLS)http://pul/publisher/58080